[Event "Moscow Open RSSU Cup 2020"]
[Site "Moscow"]
[Date "2020.01.30"]
[Round "6.12"]
[White "Makarian, Rudik"]
[Black "Kozionov, Kirill"]
[Result "1-0"]
[WhiteElo "2403"]
[BlackElo "2466"]
[Annotator "TA"]
[PlyCount "81"]
[EventDate "2020.01.25"]
[EventType "swiss"]
[EventCountry "RUS"]
[SourceTitle "playchess.com"]
[Source "ChessBase"]
[SourceQuality "1"]

{[%evp 14,81,47,24,18,13,30,34,45,10,21,26,17,25,29,-4,-8,-10,-17,-34,-8,-7,-14,-17,-16,-46,-16,-14,-7,-11,-12,-14,-15,-9,0,0,0,0,0,0,0,0,0,0,18,0,0,0,0,0,0,0,0,0,0,0,0,0,11,13,14,0,0,0,94,101,172,172,171,171]} 1. d4 Nf6 2. c4 g6 3. g3 Bg7 4. Bg2 O-O 5. Nc3 d6 6. Nf3 Nc6 7. O-O a6 8. Bf4 Rb8 {E63: King's Indian: Fianchetto: Panno Variation with 7...a6} 9. Rc1 Bd7 10. Qd2 b5 {White is slightly better.} 11. b3 b4 12. Nd5 Ne4 {[#]} 13. Qe3 $146 ({Predecessor:} 13. Qc2 f5 14. Be3 e6 15. Nf4 Ne7 16. Nd2 Nf6 17. h3 Qe8 18. Nd3 Bc6 19. f3 {½-½ (24) Karaokcu,E (2104)-Azaladze,S (2474) Konya 2016}) 13... f5 14. Bh6 (14. Bg5 $5) 14... Bxh6 $1 15. Qxh6 e6 16. Nf4 Qf6 (16... Rf6 $5 {[%cal Rg6g5]} 17. Qh4 Rf8 $11) 17. h4 $132 {[%mdl 2048] White puts up resistance} Nxd4 18. Ng5 {[%csl Gg5][%cal Rh6h7] [#]} Qg7 19. Qxg7+ Kxg7 20. e3 e5 21. exd4 exf4 22. Nxe4 fxe4 23. Bxe4 fxg3 24. fxg3 Rxf1+ 25. Kxf1 $11 {[%mdl 4096] Endgame KRB-KRB} Re8 26. Bf3 Re3 27. Kf2 Rd3 28. c5 {Strongly threatening cxd6.} d5 ({But not} 28... Rxd4 29. Ke3 $16) 29. Bxd5 Rxd4 30. Bc4 Rd2+ 31. Ke3 Rg2 32. Rd1 Bc6 33. Kf4 Kf6 34. Rd8 Rf2+ 35. Ke3 Rxa2 36. Rc8 Bb5 $1 37. Bxb5 axb5 38. Rxc7 Ke5 (38... Ra3 $11 {remains equal.}) 39. Rxh7 $16 Rc2 (39... Rg2 $16) 40. Re7+ $18 Kd5 {[#]} 41. Kf4 $1 {Accuracy: White = 96%, Black = 86%.} 1-0

[Event "Moscow Open RSSU Cup 2020"]
[Site "Moscow"]
[Date "2020.01.30"]
[Round "6.13"]
[White "Osmak, Iulija"]
[Black "Bodnaruk, Anastasia"]
[Result "1-0"]
[WhiteElo "2394"]
[BlackElo "2411"]
[Annotator "TA"]
[PlyCount "99"]
[EventDate "2020.01.25"]
[EventType "swiss"]
[EventCountry "RUS"]
[SourceTitle "playchess.com"]
[Source "ChessBase"]
[SourceQuality "1"]

{[%evp 12,99,33,27,50,52,58,54,60,26,39,20,25,27,32,22,28,8,47,54,78,56,44,36,89,53,73,54,62,18,16,15,76,54,135,83,93,84,86,79,80,88,103,77,160,122,141,116,117,112,132,146,129,33,97,31,68,55,49,61,52,16,31,0,35,-8,-8,-11,-10,-14,0,0,110,117,110,114,103,90,181,168,183,166,181,189,1243,1258,1097,1097,1076,1074]} 1. d4 Nf6 2. c4 g6 3. Nc3 Bg7 4. e4 d6 5. Be2 O-O 6. h4 h5 7. Bg5 Nbd7 {E73: King's Indian: Averbakh Variation without 6...c5} 8. Nf3 c5 9. d5 {[#]} a6 $146 {White is slightly better.} ({Predecessor:} 9... Qa5 10. Qd2 a6 11. O-O Qd8 12. Nh2 Ne5 13. f3 Kh7 14. Nd1 Bd7 15. Ne3 Bc8 {1-0 (24) Pohlers,J (2074)-Ozceyhan,K Belgrade 2010}) 10. a4 Re8 11. a5 b6 12. axb6 Qxb6 13. Qc2 Rb8 14. Ra2 Nf8 15. O-O e6 16. Nd2 Ng4 17. Qa4 Nd7 ({Black should try} 17... Bd7 $14 18. Qxa6 Qxa6 19. Rxa6 Rxb2) 18. Qd1 Ngf6 19. Qc2 Nh7 20. Be3 Qd8 21. g3 Ndf8 (21... exd5 $11 22. Nxd5 (22. cxd5 Bd4 $14) 22... Ne5) 22. Nf3 f5 (22... exd5 $14 23. cxd5 (23. Nxd5 Nf6 $11) 23... Rb4) 23. exf5 ({White should play} 23. Bd3) 23... exf5 $16 24. Bf4 Nf6 25. Ng5 Ng4 26. Bd1 Be5 27. Bxe5 dxe5 (27... Nxe5 $142 28. b3 Re7) 28. Na4 Qd6 29. Qc3 Bd7 30. b3 Nh7 31. Nxh7 Kxh7 32. Qa5 (32. Bxg4 $16 {aiming for Bd1.} hxg4 33. Re1) 32... Rec8 (32... Bxa4 $1 $14 33. Qxa4 Ra8) 33. Nb2 (33. Bxg4 $16 {Black must now prevent Bd1.} hxg4 34. Qc3) 33... e4 {With the idea ...f4.} 34. Bxg4 hxg4 35. Qc3 f4 36. Nd1 {White wants to play gxf4.} Rf8 37. Rb2 Rf7 38. gxf4 Rxf4 {[#] Threatens to win with ...Rf3.} 39. Qg3 $1 Rbf8 40. Re2 $1 {[%cal Re2e4] Hoping for Rxe4!} Qf6 41. Re3 g5 (41... Qg7 $11 {remains equal.}) 42. hxg5 Qxg5 43. Nc3 {[%cal Bd1c3,Bc3e4,Be4d6][%mdl 32]} Bf5 44. Rfe1 {[%cal Rc3e4]} Re8 (44... Rf3 $16 45. Rxf3 exf3) 45. d6 $36 {[%mdl 2048] White is on the roll.} Kg6 {[#]} 46. d7 $1 {[%cal Rd7e8]} Bxd7 47. Nxe4 Qf5 $2 (47... Qh6) 48. Nd6 {[%mdl 64] Double Attack, Discovered Attack. White is clearly winning.} Rxe3 49. fxe3 Rf3 50. Nxf5 {Accuracy: White = 75%, Black = 60%.} 1-0

[Event "Moscow Open RSSU Cup 2020"]
[Site "Moscow"]
[Date "2020.01.30"]
[Round "6.14"]
[White "Guseva, Marina"]
[Black "Murashova, Ekaterina"]
[Result "1-0"]
[WhiteElo "2379"]
[BlackElo "2248"]
[Annotator "TA"]
[PlyCount "127"]
[EventDate "2020.01.25"]
[EventType "swiss"]
[EventCountry "RUS"]
[SourceTitle "playchess.com"]
[Source "ChessBase"]
[SourceQuality "1"]

{[%evp 11,127,43,82,56,56,56,59,8,62,62,68,72,75,58,79,31,29,14,63,70,62,72,71,87,89,62,74,70,117,59,161,23,37,28,101,109,150,0,89,0,0,0,0,0,85,65,59,35,1517,1543,1342,1255,2336,2277,2022,536,524,510,489,384,480,358,393,374,339,347,422,271,376,327,341,330,322,339,349,291,399,397,386,398,396,388,400,378,626,620,793,785,763,718,29987,813,804,798,797,758,884,904,845,670,1034,1028,994,1006,995,966,1233,1193,4137,4137,4137,4137,29977,29978,29978,29979,29980,29981]} 1. d4 g6 2. c4 Bg7 3. e4 d6 4. Nc3 e5 5. Nf3 Nd7 6. Be2 Nh6 7. Bg5 {A42: Modern Defence: Averbakh Variation} f6 8. Be3 O-O 9. h3 (9. O-O $14) 9... Nf7 (9... f5 $11) 10. Qc2 $14 {[#]} Bh6 $146 ({Predecessor:} 10... a5 11. O-O exd4 12. Nxd4 Nc5 13. Rad1 Bd7 14. Rfe1 c6 15. Nb3 Nxb3 16. Qxb3 f5 {0-1 (45) Tsatsalashvili,K (2330)-Melia,S (2391) Telavi 2018}) 11. Bxh6 Nxh6 12. Qd2 Nf7 13. Nh2 c6 14. f4 Qb6 15. Nf3 exd4 16. Nxd4 Nc5 17. O-O-O Re8 18. Qc2 a5 19. h4 a4 20. h5 (20. g4 $16) 20... Kg7 (20... g5 $14) 21. g4 (21. hxg6 $18 hxg6 22. f5) 21... a3 22. b3 Bd7 (22... g5 $11) 23. g5 $16 {Hoping for hxg6.} fxg5 24. Rhg1 ({White must play} 24. hxg6 $16 hxg6 25. f5) 24... Qb4 (24... Qd8 $11) 25. hxg6 ({Better is} 25. Kb1 $16) 25... hxg6 $11 26. f5 gxf5 {[%cal Rc5e4]} 27. Rdf1 Ra5 (27... fxe4 $2 28. Bh5 $18) (27... Nxe4 $11 28. Nxe4 Rxe4 29. Nxf5+ Bxf5 30. Rxf5 Re5) 28. exf5 $16 {Threatens to win with f6+.} Re3 $1 {[%cal Re3c3]} 29. Nd1 {[%mdl 1024] White has compensation.} Re5 $2 {[%mdl 8192]} (29... Nxb3+ $14 30. Nxb3 Rxb3 {[%mdl 64] Promotion}) 30. f6+ $18 Kf8 31. Qh7 {White wants to mate with Qg7+.} Be6 32. Bh5 Bxc4 33. bxc4 (33. Bxf7 $142 {[%csl Gf7][%cal Rh7g8]} Nxb3+ 34. axb3 Bxf7 35. Qh8+ Bg8 36. Qg7+ Ke8 37. Qxg8+ Kd7 38. Qh7+ Kc8 39. f7 Rec5+ 40. Nc2 Rxc2+ 41. Qxc2) 33... Qxc4+ 34. Nc2 Qxa2 {[%cal Rc5b3]} 35. Qg7+ Ke8 {[%cal Rc5b3]} 36. Qg8+ Kd7 {[%cal Rc5b3]} 37. Qxf7+ ({Not} 37. Bxf7 d5 $18) 37... Qxf7 38. Bxf7 a2 39. Na1 Nd3+ 40. Kd2 Nf4 {intending ...Re2+.} 41. Bc4 d5 {[#]} 42. Bd3 $1 Ra3 43. Nb2 Ke6 44. Nc2 Ra8 45. Ne3 Kf7 46. Ng4 Ree8 47. Ra1 Ra3 $2 (47... Nh5 48. Nd1 b5) 48. Rh1 c5 {If Black can now play ...c4 this consolidates a bit.} 49. Rh7+ Ke6 50. Bb5 Rf8 51. Re7+ (51. Re1+ $142 Kf5 52. Bd7+ Ne6 53. Bxe6+ {[%mdl 64] Discovered Attack} Kf4 54. Nd3+ Rxd3+ 55. Kxd3 c4+ {[#]} 56. Kd4 $1 {[%mdl 512]}) 51... Kd6 52. Rd7+ Ke6 53. Rxb7 Kf5 54. Bd7+ Ke4 55. Nd1 c4 56. Nc3+ {[%mdl 64] Double Attack} Kf3 57. Rxa2 Rxa2+ 58. Nxa2 Nd3 59. Rc7 Nf2 60. Nxf2 Kxf2 61. Rc6 Kf3 62. Be6 {White mates.} Ke4 63. f7 Ke5 64. Rc8 {Accuracy: White = 66%, Black = 40%.} 1-0

[Event "Moscow Open RSSU Cup 2020"]
[Site "Moscow"]
[Date "2020.01.30"]
[Round "6.15"]
[White "Charochkina, Daria"]
[Black "Nasyrova, Ekaterina"]
[Result "1/2-1/2"]
[WhiteElo "2349"]
[BlackElo "2208"]
[Annotator "TA"]
[PlyCount "157"]
[EventDate "2020.01.25"]
[EventType "swiss"]
[EventCountry "RUS"]
[SourceTitle "playchess.com"]
[Source "ChessBase"]
[SourceQuality "1"]

{[%evp 9,157,-9,8,-9,0,-24,-6,-29,52,57,55,67,57,62,56,61,53,50,75,43,65,64,63,70,66,54,47,52,65,47,43,18,43,45,57,51,47,31,66,58,61,12,35,27,139,132,166,95,139,91,108,115,137,112,123,129,152,110,198,154,164,148,240,241,229,240,240,240,240,240,238,235,239,42,216,191,239,227,219,195,180,-17,8,8,8,8,8,8,15,16,14,0,0,0,0,0,0,0,0,0,0,0,0,0,8,0,0,0,0,0,0,0,0,0,0,0,0,0,0,0,0,0,0,0,0,0,0,0,0,0,0,0,0,0,0,0,0,0,0,0,0,0,0,0,0,0,0,0,0,0]} 1. b3 d5 2. Bb2 e6 3. e3 Nf6 4. f4 Bd6 5. Nf3 Nbd7 6. Ne5 {A03: Bird's Opening with 1...d5} O-O 7. Qf3 c5 8. Bd3 {[#]} Bxe5 $146 (8... Bc7 $11) ({Predecessor:} 8... Qc7 9. Nxd7 Nxd7 10. O-O f5 11. c4 dxc4 12. Bxc4 Nb6 13. Na3 Nxc4 14. Nxc4 Be7 {½-½ (44) Evdokimov,A (2503)-Mammadova,N (2198) Poti 2016}) 9. fxe5 $14 Ne4 10. O-O f5 11. Be2 b6 12. d3 Ng5 13. Qg3 Bb7 14. Nd2 Nf7 15. c4 Qg5 16. Qxg5 Nxg5 17. h4 Nf7 18. d4 Nh6 19. Rf4 Rfd8 20. Nf3 Nf8 21. Ng5 Nf7 22. Nxf7 Kxf7 23. Rf2 Ng6 24. h5 Ne7 25. Rc1 Rac8 26. cxd5 exd5 (26... Bxd5 $11 27. dxc5 Rxc5) 27. g4 $16 g6 28. Rcf1 (28. Rh2 $18) 28... Ke6 29. Bd3 {[%cal Rg4f5]} Rf8 30. Ba3 Rf7 31. hxg6 hxg6 32. Rh2 c4 33. Bb1 cxb3 (33... Ba6 $16) 34. axb3 Ba6 35. Rff2 Rc3 {[#]} (35... Bb5 $16 36. Rh6 Rg8) 36. Rh6 $1 $18 Bd3 37. Bxd3 Rxd3 38. gxf5+ {[%mdl 64] Overworked Piece} Rxf5 39. Rxf5 Nxf5 40. Rxg6+ {[%mdl 4096] Endgame KRB-KRN} Kd7 {[#]} 41. e6+ $2 (41. Rf6 $1 $18 Rxb3 42. e6+ Kd8 43. Rf8+ Kc7 44. Rf7+ (44. Rxf5 Rxa3 45. Re5 Kd8 $16) 44... Kd8 45. Bf8 (45. Rxa7 Rxe3 46. Rd7+ Ke8 $11) 45... Rxe3 46. Rxf5 Rxe6 47. Rxd5+ Kc7 48. Rf5) 41... Kc7 $2 (41... Kc6 $14) 42. Rf6 Rxb3 43. Rf7+ ({Not} 43. Rxf5 Rxa3 44. Re5 Kd8 $16) 43... Kd8 44. Rf8+ ({And not} 44. Rxa7 Rxe3 45. Rd7+ Ke8 $11) 44... Kc7 45. e7 $2 (45. Rxf5 $18 Rxa3 46. Re5) 45... Nxe7 {The position is equal.} 46. Bxe7 {aiming for Kf2.} Rxe3 $11 {KRB-KR} 47. Bf6 {Threatening Rf7+.} Kc6 48. Kf2 Re4 49. Be5 Kb5 50. Rd8 Kc4 $1 51. Rd7 a5 52. Rd6 b5 53. Rc6+ Kb4 54. Rd6 Kc4 55. Rc6+ Kb4 56. Bd6+ Kb3 57. Bc5 a4 58. Rb6 Kc4 59. Ra6 Kd3 60. Ra5 Re2+ 61. Kf3 Rb2 62. Kf4 Kc4 63. Ke5 Ra2 64. Ra8 b4 65. Rc8 Re2+ 66. Kd6 a3 {[#] Hoping for ...a2.} (66... b3 {feels hotter.} 67. Ba3+ Kd3 68. Rb8 Ra2 69. Bc5 b2) 67. Bxb4+ $1 {[%mdl 512]} Kxb4 68. Kxd5 {KR-KR} a2 69. Ra8 Kb3 70. Kc6 Rc2+ 71. Kb5 Rd2 72. Kc5 Rc2+ 73. Kb5 Rc1 74. d5 a1=Q 75. Rxa1 Rxa1 76. d6 Rd1 77. Kc6 Ka4 78. d7 {[#]} Rxd7 $1 {[%mdl 512]} 79. Kxd7 {Accuracy: White = 80%, Black = 73%.} 1/2-1/2

[Event "Moscow Open RSSU Cup 2020"]
[Site "Moscow"]
[Date "2020.01.30"]
[Round "6.16"]
[White "Lysenko, Margarita"]
[Black "Voit, Daria"]
[Result "0-1"]
[WhiteElo "2290"]
[BlackElo "2336"]
[Annotator "TA"]
[PlyCount "112"]
[EventDate "2020.01.25"]
[EventType "swiss"]
[EventCountry "RUS"]
[SourceTitle "playchess.com"]
[Source "ChessBase"]
[SourceQuality "1"]

{[%evp 9,132,23,76,58,71,68,102,95,95,94,111,93,97,80,91,90,81,80,123,66,95,-16,-14,-42,-33,-45,-45,-44,-41,-53,-27,-22,0,-13,-8,-28,-7,-19,0,0,0,-28,-28,-28,-29,-53,-58,-58,-62,-76,-56,-70,0,0,0,0,143,124,165,64,93,-240,-247,-214,114,-56,-55,-56,-63,-105,-61,-63,-22,-34,15,12,51,52,47,50,47,-20,-27,-43,-49,-81,-81,-84,-85,-94,-93,-178,-38,-169,-168,-161,-154,-145,325,-270,-260,-290,-257,-208,-199,-338,-200,-216,-178,-262,-156,-207,-205,-257,-244,-455,-460,-664,-620,-688,-674,-29987,-29988,-29984,-29985]} 1. d4 Nf6 2. c4 e6 3. Nf3 b6 4. a3 Be7 5. Nc3 d6 {5...d5 gains popularity.} (5... d5 $11) 6. e4 $16 {E12: Queen's Indian: Unusual White 4th moves, 4 a3, 4 Nc3 Bb7 5 a3 and 4 Nc3 Bb7} c5 7. d5 e5 8. Bd3 {White is better.} O-O 9. O-O {[#]} g6 $146 ({Predecessor:} 9... Na6 10. Nb5 Nc7 11. Nc3 Bd7 12. b4 Na6 13. b5 Nc7 14. a4 a6 15. bxa6 Nxa6 {0-1 (53) Alata Morales,A-Oscco,C Lima 2012}) 10. b4 Nh5 11. Re1 Ng7 12. Rb1 f5 13. Bh6 Nd7 14. Rb2 (14. exf5 $16 gxf5 15. Qc2) 14... Rf7 15. bxc5 (15. Qd2 $16) 15... Nxc5 $11 16. exf5 gxf5 17. Bb1 f4 18. Bxg7 (18. Qc2 $2 Nf5 $19) 18... Rxg7 19. Ne4 Nxe4 (19... Nb7 {looks sharper.} 20. Kh1 Qc7 21. Nfd2 Bg4 22. f3 Bd7) 20. Bxe4 Bf6 21. Kh1 Kh8 22. Qd3 Qc7 23. Rc2 Ba6 24. Rec1 Qc5 25. Qb3 Rag8 26. Ne1 Bc8 27. Qb4 Qc7 28. a4 Rg5 $40 {[%mdl 128] [#] Black is up to no good.} 29. a5 $1 {[%mdl 512]} bxa5 30. Qa3 Bd8 (30... Qg7 $15) 31. c5 Qg7 32. cxd6 {[%mdl 64] Discovered Attack} Bd7 (32... Bf5 $11 {remains equal.} 33. Qd3 a4) 33. Rc7 $1 $16 Rh5 34. Bf3 ({Not} 34. Qxa5 $2 Qh6 $1 $19 {[%mdl 512]}) (34. Kg1 $1 $18) 34... Rh4 {White must now prevent ...Qh6.} 35. Qc3 $2 {[%mdl 8192]} (35. Kg1 $1 $16 {is necessary to keep the advantage.}) 35... Qh6 $1 $19 ({Weaker is} 35... Bxc7 36. dxc7 a4 37. Kg1 $16) 36. Kg1 (36. Rxd7 $2 {is a self mate.} Rxh2+ 37. Kg1 Rh1#) 36... Qxd6 $2 ({Better is} 36... Rxh2 $19 {[%csl Gh6][%cal Rh2h1]} 37. Qxe5+ Bf6 38. Qxf6+ Qxf6 39. Kxh2 Qxd6 40. Rxa7 a4) 37. Rxd7 $2 (37. Rxa7 $16 Bb6 38. Rb7) 37... Qxd7 $15 38. Qxe5+ Qg7 39. Qxg7+ Kxg7 40. Nd3 Kf6 41. Rc6+ Kf5 42. Re6 {And now Be4+ would win.} Kg5 43. Ne5 $1 {[%cal Re5f7][%mdl 1024] Nf7+ would kill now. White has compensation.} Bf6 44. Nf7+ Kg6 45. Ne5+ (45. Nd6 $14) 45... Kg7 $11 46. Ng4 Bd4 47. g3 fxg3 48. hxg3 Rh5 $1 49. Re7+ Kf8 $1 {[%cal Rf8e7]} 50. Rb7 (50. Re4 $17 Bb6 51. Ne3) 50... Rf5 ({Black should play} 50... Rg6 $19 {aiming for ...Rhg5.} 51. Rc7 Bb6) 51. Kg2 (51. Rb8+ $15 Ke7 52. Rxg8 Rxf3 53. Kg2) 51... Rg7 $19 52. Rb8+ Ke7 53. Nh6 Rf8 $2 {[%mdl 8192] [#]} (53... Rf4 $1 $17 54. Rb7+ Kd6 55. Rxg7 Bxg7 56. gxf4 Bxh6) 54. Rb5 $4 {[%mdl 8192] [#]} (54. d6+ $1 $18 {[%mdl 512]} Kxd6 55. Rxf8) 54... Bb6 $1 55. Rb2 Kd6 56. Be4 Ke5 {Played: Rg7-g5} 0-1

[Event "Moscow Open RSSU Cup 2020"]
[Site "Moscow"]
[Date "2020.01.30"]
[Round "6.17"]
[White "Afonasieva, Anna"]
[Black "Borisova, Ekaterina"]
[Result "1-0"]
[WhiteElo "2286"]
[BlackElo "2331"]
[Annotator "TA"]
[PlyCount "103"]
[EventDate "2020.01.25"]
[EventType "swiss"]
[EventCountry "RUS"]
[SourceTitle "playchess.com"]
[Source "ChessBase"]
[SourceQuality "1"]

{[%evp 10,103,4,0,10,12,5,0,0,-5,37,-56,-11,-11,-13,-8,-8,-39,-33,-23,14,0,26,25,26,16,24,29,30,18,27,22,21,11,7,7,12,-35,11,-64,-63,-93,-64,-105,-96,-75,-84,-101,-114,-133,-69,-75,-73,-62,-46,-65,-65,-78,-36,-58,-43,-56,-33,-64,-66,-165,0,0,0,-254,-245,-259,-111,-135,-128,-98,-103,-100,-94,-100,-53,-113,-6,-6,-6,-6,0,-6,29974,29975,29974,29975,29976,29977,29974,29976]} 1. d4 d5 2. Bf4 Nf6 3. e3 c5 4. c3 Nc6 5. Nd2 e6 6. Bd3 h6 {D00: 1 d4 d5: Unusual lines} 7. Ngf3 Bd6 8. Bg3 O-O {The position is equal.} 9. Qe2 Re8 {[#]} 10. Rd1 $146 (10. Ne5 $1 $14) ({Predecessor:} 10. Ne5 Qc7 11. Nxc6 Bxg3 12. hxg3 bxc6 13. dxc5 e5 14. e4 Qa5 15. b4 Qa3 16. O-O Qxc3 {1-0 (34) Pajeken,J (2314)-Korley,K (2437) Lueneburg 2019}) 10... e5 {Strongly threatening ...e4.} 11. dxc5 Bxc5 {And now ...e4 would win.} 12. e4 $1 d4 13. Nb3 Bb6 14. cxd4 Nxd4 15. Nfxd4 Bxd4 16. Bb5 Bd7 17. Bxd7 Qxd7 18. O-O Qa4 19. Nxd4 exd4 20. e5 Rad8 21. Qf3 Nd7 22. b3 Qb4 23. a3 (23. e6 $5 fxe6 24. Bh4 $11) 23... Qxa3 {[#]} 24. Rxd4 (24. e6 $1 $11 {[%mdl 512]} Nf6 (24... Rxe6 25. Rxd4) 25. exf7+ Kxf7 26. Qxb7+ Qe7 27. Qa6) 24... Nc5 $15 25. Rd6 Qxb3 26. Qg4 Qa4 (26... Ne6 {is more complex.} 27. Ra1 a5 28. h3 b6 29. Kh1 Rxd6 30. exd6 Nc5) 27. Qxa4 Nxa4 28. f4 Nc3 29. Bf2 Nb5 (29... Ne2+ $17 30. Kh1 a5) 30. Rxd8 Rxd8 {[%mdl 4096] Endgame KRB-KRN} 31. Rc1 Kf8 32. Be3 Ke7 33. Kf2 f6 {aiming for ...fxe5.} 34. exf6+ Kxf6 35. g4 a6 36. h4 {[#]} h5 $1 {[%mdl 512]} 37. g5+ ({White should play} 37. f5 $15 Rd7 38. gxh5) (37. gxh5 Rd5) 37... Kf5 $2 (37... Ke6 $19 38. Ke2 Rd5) 38. Rc5+ $1 $11 Kg4 {Threatens to win with ...Rd3.} 39. f5 $2 {[%mdl 8192]} (39. g6 $1 $11 Rd3 40. Rg5+ Kxh4 41. Rg1) 39... Nd6 $19 ({Avoid the trap} 39... Kxh4 $2 40. Rc4+ Kh3 41. Kf3 $18) 40. Kg2 Rf8 ({Weaker is} 40... Kxh4 41. f6 $11) (40... Rc8 $19 {has better winning chances.} 41. Rxc8 Nxc8) 41. Rc7 Rxf5 {Hoping for ...Rf7.} 42. Rxg7 Re5 ({Of course not} 42... Kxh4 $6 43. Rd7 $11) 43. Bf2 a5 44. Rd7 Nf5 45. g6 (45. Kf1 $1 $15) 45... Nxh4+ (45... Re7 $17 46. Rd3 Rg7) 46. Bxh4 $11 Kxh4 $17 {KR-KR} 47. g7 Rg5+ 48. Kh2 {Intending Rd4+ and mate.} Kg4 $2 {[%mdl 8192] [#]} (48... Rg6 $11) 49. Rd1 $1 {[%cal Rd1g1] White mates.} Kf4 {[#]} 50. Rg1 $1 {[%cal Rg1g5]} Rxg7 51. Rxg7 b5 52. Ra7 {Accuracy: White = 74%, Black = 60%.} 1-0

[Event "Moscow Open RSSU Cup 2020"]
[Site "Moscow"]
[Date "2020.01.31"]
[Round "7.1"]
[White "Grachev, Boris"]
[Black "Tsydypov, Zhamsaran"]
[Result "1/2-1/2"]
[WhiteElo "2614"]
[BlackElo "2553"]
[Annotator "TA"]
[PlyCount "74"]
[EventDate "2020.01.25"]
[EventType "swiss"]
[EventCountry "RUS"]
[SourceTitle "playchess.com"]
[Source "ChessBase"]
[SourceQuality "1"]

{[%evp 16,74,37,22,30,31,20,17,6,8,18,11,13,10,10,10,12,10,10,11,10,12,10,4,5,9,9,4,4,4,10,0,6,0,0,0,0,0,0,0,0,0,0,0,4,4,4,0,0,0,0,0,0,0,0,0,0,0,0,0,0]} 1. Nf3 Nf6 2. b3 g6 3. Bb2 Bg7 4. g3 d5 5. c4 c6 6. Bg2 O-O 7. O-O Nbd7 8. d4 Ne4 9. e3 a5 {D78: Fianchetto Grünfeld: 6 0-0 c6} 10. cxd5 cxd5 {[#]} 11. Nfd2 $146 {The position is equal.} ({Predecessor:} 11. a4 Ndf6 12. Ne5 b6 13. Na3 Nd6 14. Qc2 Ba6 15. Rfc1 Rc8 16. Qd1 e6 17. Bf1 Bxf1 18. Qxf1 {½-½ (53) Makarov,M (2518)-Gorovykh,E (2430) St Petersburg 2010}) 11... Ndf6 12. Nxe4 Nxe4 13. Nd2 Nxd2 14. Qxd2 e6 15. a4 Bd7 16. Ba3 Re8 17. Rfc1 Bf8 18. Bxf8 Rxf8 19. Rc5 b6 20. Rc2 Qe7 21. Rac1 Rfc8 22. Bf1 Rxc2 23. Rxc2 Qe8 24. Qc1 b5 25. axb5 Bxb5 26. Rc5 Bxf1 27. Kxf1 $11 {[%mdl 4096] Endgame KQR-KQR} a4 28. bxa4 Qxa4 29. Kg2 Qa1 30. Qxa1 Rxa1 {KR-KR} 31. h4 h5 32. Kf3 Ra2 33. Rc7 Kg7 34. Rb7 Kf6 35. Rc7 Kg7 36. Rb7 Kf6 37. Rc7 Kg7 {Accuracy: White = 100%, Black = 100%.} 1/2-1/2

[Event "Moscow Open RSSU Cup 2020"]
[Site "Moscow"]
[Date "2020.01.31"]
[Round "7.2"]
[White "Lintchevski, Daniil"]
[Black "Martinez Alcantara, Jose Eduardo"]
[Result "1/2-1/2"]
[WhiteElo "2536"]
[BlackElo "2606"]
[Annotator "TA"]
[PlyCount "24"]
[EventDate "2020.01.25"]
[EventType "swiss"]
[EventCountry "RUS"]
[SourceTitle "playchess.com"]
[Source "ChessBase"]
[SourceQuality "1"]

{[%evp 15,24,0,11,0,2,3,13,0,2,0,0]} 1. Nf3 c5 2. c4 Nc6 3. Nc3 g6 4. e3 Nf6 5. d4 cxd4 6. exd4 d5 7. cxd5 Nxd5 8. Qb3 e6 {The position is equal.} 9. Bg5 {A35: Symmetrical English: 2 Nc3 Nc6 3 Nf3} Be7 10. Bh6 Bf8 11. Bg5 Be7 12. Bh6 {[#]} Bf8 $146 ({Predecessor:} 12... Nxc3 13. bxc3 Bf8 14. Bg5 Be7 15. Bh6 Bf8 16. Bg5 Be7 17. Bh6 {½-½ (17) Alekseev,E (2620)-Le,Q (2713) Moscow 2019}) 1/2-1/2